000 00431nam a2200193Ia 4500
005 20240823053356.0
008 240823s9999||||xx |||||||||||||| ||und||
020 _a978-0-2305-2519-9
041 _aENGLISH
082 _A822.33 P7
100 _aWhite R S Ed.
245 0 _aTwelfth Night
250 _a1st
260 _c2007
_bPalgrave macm
500 _aYES
650 _aGeneral
_bGeneral
942 _cBK
999 _c224020
_d224020